Sporting players (2000-2010) - Statistics

General Stats
  • This quiz has been taken 5 times
  • The average score is 19 of 116
Answer Stats
Rank Player Positions Nationality Matches Goals (assists) Period % Correct
1 Liedson ST 200 110 (28) 2003-2010
80%
2 Ânderson Polga CB 182 0 (2) 2003-2010
60%
36 Jardel ST 49 53 (7) 2001-2003
60%
18 Rui Patrício GK 76 0 (0) 2006-2010
60%
12 Abel Ferreira RB 99 1 (10) 2005-2010
40%
4 Beto CB 138 12 (3) 2000-2006
40%
16 Carlos Martins AM 76 9 (6) 2000-2001, 2002-2007
40%
3 João Moutinho CM 163 21 (20) 2004-2010
40%
9 João Pinto CF 115 28 (23) 2000-2004
40%
13 Miguel Veloso DM 97 4 (9) 2006-2010
40%
11 Paulo Bento DM 103 2 (5) 2000-2004
40%
7 Ricardo GK 125 0 (1) 2003-2007
40%
14 Ricardo Sá Pinto ST 96 14 (4) 2000-2006
40%
10 Rodrigo Tello LW 113 6 (10) 2000-2007
40%
34 Rui Bento DM 54 1 (1) 2001-2004
40%
5 Rui Jorge LB 132 1 (9) 2000-2005
40%
46 Adrien Silva CM 33 0 (0) 2007-2010
20%
47 Alberto Acosta ST 32 14 (0) 2000-2001
20%
55 Alecsandro ST 25 8 (2) 2006-2007
20%
72 Carlos Bueno ST 14 4 (1) 2006-2007
20%
21 César Prates RB 70 1 (7) 2000-2003
20%
56 Cristiano Ronaldo ST 25 3 (5) 2002-2003
20%
15 Custódio DM 95 4 (0) 2001-2002, 2003-2007
20%
54 Deivid ST 26 8 (5) 2005-2007
20%
83 Delfim DM 10 1 (0) 2000-2001
20%
76 Dimas LB 11 2 (0) 2000-2002
20%
77 Dimitrios Nalitzis ST 11 0 (1) 2001-2002
20%
100 Diogo DM 4 0 (0) 2001-2002
20%
23 Fábio Rochemback CM 66 10 (6) 2003-2006, 2008-2010
20%
57 João Alves CM 25 1 (1) 2005-2007
20%
92 João Paulo CB 6 0 (0) 2002-2003
20%
75 João Pereira RB 12 1 (1) 2009-2010
20%
66 Joseph Enakarhire CB 19 0 (0) 2004-2005
20%
97 Jovan Kirovski RW 5 0 (0) 2000-2001
20%
41 Leandro Grimi LB 42 1 (0) 2007-2010
20%
20 Leandro Romagnoli AM 71 8 (11) 2005-2009
20%
52 Lourenço ST 27 4 (0) 2003-2004
20%
31 Marat Izmailov AM 58 8 (10) 2007-2010
20%
22 Marco Caneira CB 68 1 (0) 2005-2007, 2008-2010
20%
103 Marcos Paulo CM 3 0 (0) 2002-2003
20%
98 Marian Had CB 5 0 (0) 2007-2008
20%
27 Marius Niculae ST 59 14 (5) 2001-2005
20%
49 Matías Fernández AM 28 3 (1) 2009-2010
20%
63 Mauricio Pinilla ST 20 5 (0) 2004-2006
20%
101 Miguel Ángel Angulo CF 4 0 (0) 2009-2010
20%
25 Miguel Garcia RB 62 0 (1) 2003-2007
20%
70 Milan Purovic ST 15 2 (1) 2007-2008
20%
32 Nani LW 58 9 (10) 2005-2007
20%
37 Nélson GK 49 0 (0) 2000-2006
20%
48 Pablo Contreras CB 30 2 (0) 2002-2003
20%
58 Paíto LB 24 0 (1) 2003-2006
20%
6 Pedro Barbosa AM 131 21 (10) 2000-2005
20%
59 Pedro Silva RB 24 1 (3) 2007-2010
20%
17 Pereirinha RW 76 2 (4) 2006-2010
20%
53 Peter Schmeichel GK 27 0 (0) 2000-2001
20%
45 Phil Babb CB 35 0 (1) 2000-2002
20%
61 Pontus Farnerud CM 23 0 (0) 2006-2008
20%
106 Renato Neto DM 2 0 (0) 2008-2010
20%
114 Ricardo Batista GK 1 0 (0) 2008-2009
20%
28 Ricardo Quaresma RW 59 8 (11) 2001-2003
20%
42 Rogério RB 41 4 (1) 2004-2006
20%
39 Roudolphe Douala LW 47 6 (2) 2004-2006
20%
50 Silva ST 28 5 (1) 2003-2004, 2005-2006
20%
35 Simon Vukcevic RW 53 12 (6) 2007-2010
20%
43 Tiago Ferreira GK 39 0 (0) 2001-2003, 2006-2009
20%
65 Tinga CM 20 0 (0) 2003-2005
20%
8 Tonel CB 117 11 (4) 2005-2010
20%
29 Toñito AM 59 9 (3) 2000-2001, 2002-2004
20%
60 Vitaliy Kutuzov ST 24 3 (0) 2002-2003
20%
86 Vladimir Stojkovic GK 9 0 (0) 2007-2008
20%
87 Wender LW 9 0 (0) 2005-2006
20%
19 Yannick Djaló LW 74 17 (8) 2006-2010
20%
108 Alan Mahon LM 1 0 (0) 2000-2001
0%
26 André Cruz CB 60 5 (3) 2000-2002
0%
84 André Marques LB 9 0 (0) 2005-2006, 2009-2010
0%
71 Bino CM 14 1 (0) 2000-2001
0%
88 Carlos Paredes DM 8 0 (1) 2006-2007
0%
69 Carlos Saleiro ST 17 2 (3) 2009-2010
0%
91 Celsinho AM 6 0 (0) 2007-2008
0%
102 Chiquinho ST 3 0 (0) 2000-2001
0%
89 Clayton LW 8 0 (0) 2003-2004
0%
38 Daniel Carriço CB 47 1 (1) 2008-2010
0%
82 Danny AM 10 0 (0) 2002-2003, 2004-2005
0%
109 David Caiado AM 1 0 (0) 2005-2006
0%
51 Derlei ST 27 8 (5) 2007-2009
0%
78 Edmílson RW 11 4 (0) 2000-2001
0%
110 Edson Canhão LB 1 0 (0) 2005-2006
0%
33 Facundo Quiroga CB 55 2 (1) 2001-2004
0%
90 Felipe Caicedo ST 7 0 (1) 2009-2010
0%
96 Florent Sinama-Pongolle CF 5 1 (0) 2009-2010
0%
74 Gladstone CB 13 1 (0) 2007-2008
0%
40 Hélder Postiga ST 43 6 (5) 2008-2010
0%
24 Hugo CB 64 3 (2) 2000-2006
0%
30 Hugo Viana CM 58 7 (2) 2001-2002, 2004-2005
0%
104 Ivaylo Yordanov AM 2 0 (0) 2000-2001
0%
111 Jorge Vidigal RB 1 0 (0) 2001-2002
0%
93 Koke ST 6 2 (0) 2005-2006
0%
67 Luís Filipe RB 19 0 (1) 2001-2004
0%
85 Luís Loureiro DM 9 1 (0) 2005-2006
0%
105 Luis Páez ST 2 0 (0) 2007-2008
0%
112 Mario Cáceres ST 1 0 (0) 2000-2001
0%
79 Mário Sérgio RB 11 0 (0) 2003-2005
0%
68 Mbo Mpenza ST 19 0 (0) 2000-2001
0%
99 Mota ST 5 0 (0) 2004-2005
0%
113 Nuno Santos GK 1 0 (0) 2002-2003
0%
64 Pavel Horvath CM 20 1 (0) 2000-2002
0%
80 Pedro Mendes CM 11 0 (0) 2009-2010
0%
94 Quim Berto RB 6 0 (0) 2000-2001
0%
95 Ricardo Fernandes AM 6 1 (1) 2002-2003
0%
81 Robert Spehar ST 11 5 (1) 2000-2002
0%
62 Rodrigo Fabri AM 22 3 (2) 2000-2001
0%
73 Rodrigo Tiuí ST 14 1 (3) 2007-2009
0%
44 Ronny AM 38 1 (7) 2006-2009
0%
115 Santamaria CB 1 0 (0) 2003-2004
0%
116 Tomané ST 1 0 (0) 2005-2006
0%
107 Varela LW 2 0 (0) 2005-2006
0%
No matching quizzes found
Score Distribution
Percent of People with Each Score
Percentile by Number Answered
Your Score History
You have not taken this quiz